Friends Quiz - Statistics

General Stats
  • This quiz has been taken 6 times
  • The average score is 13 of 15
Answer Stats
Hint Answer % Correct
How many seasons of Friends is there? 10
100%
In what year did Friends first premiere? 1994
100%
What is the name of the coffee shop the friends hang out in? Central Perk
100%
Joey played Dr Drake Ramoray on what tv show? Days of our lives
100%
What is the name of Ross' pet monkey? Marcel
100%
What colour is Monica's apartment? Purple
100%
Who is the youngest friend? Rachel
100%
Which character famously said 'PIVOT' Ross
100%
What is Phoebe's twin sister called? Ursula
100%
Phoebe attempts to teach Joey which language? French
83%
What is the name of Monica's ex boyfriend who always relied on alcohol? Fun Bobby
83%
What is Chandler's middle name? Muriel
67%
What was the name of Rachel's italian ex boyfriend? Paolo
67%
Which of Joey's sisters did Chandler fool around with? Mary Angela
50%
What are the names of Ross and Monica's parents? Jack and Judy Gellar
0%
No matching quizzes found
Score Distribution
Percent of People with Each Score
Percentile by Number Answered
Your Score History
You have not taken this quiz